000
00309nam a2200109Ia 4500
008
160531s9999 xx 000 0 und d
100
_a
Korthuis, Ronald J.
245
_a
Skeletal Muscle Circulation
245
_c
by Ronald J. Korthuis
260
_c
2011
856
_u
http://www.ncbi.nlm.nih.gov/books/NBK57141/
999
_c
295532
_d
295532